00750nam a2200217 a 4500008004100000020002200041111004700063245010900110260003800219300002900257500002000286504004100306650001600347650002500363650002400388650005700412710003600469003000100505005001700506040000900523  a0727713396 (hbk.) aInstitution of Civil Engineers Conference.00aManagement of new technology :bproceedings of a conference organized/ cInstitution of Civil Engineers. aLondon :bThomas Telford,cc1987. a160 p. :bill. ;c23 cm. aIncludes index. aIncludes bibliographical references. 0aManagement. 0aComputer management. 0aDesktop publishing. aCivil engineeringxapplications of computer systems.0 aInstitution of Civil Engineers.20230123134055.0 cNUST